<?xml version="1.0" encoding="UTF-8"?>
<marc:record xmlns:marc="http://www.loc.gov/MARC21/slim">
   <marc:leader>00000nam a2200000 a 4500</marc:leader>
   <marc:datafield ind1="0" ind2="0" tag="245">
      <marc:subfield code="a">Snow White &amp; the Huntsman</marc:subfield>
   </marc:datafield>
   <marc:datafield ind1=" " ind2="1" tag="264">
      <marc:subfield code="b">Universal Pictures Germany GmbH</marc:subfield>
      <marc:subfield code="c">2012</marc:subfield>
   </marc:datafield>
   <marc:datafield ind1="1" ind2=" " tag="520">
      <marc:subfield code="a">Königin Ravennas (Charlize Theron) Eitelkeit und Sucht nach Jugend ist unersättlich. Zu ewiger Jugend und Schönheit soll ihr das Herz der schönen Snow White (Kristen Stewart) verhelfen. In Todesangst flieht das Mädchen in die Wälder, dicht auf ihren Fersen ein von der Königin entsandter Jäger (Chris Hemsworth). Doch als er die junge Frau findet, bringt er ihr das Kämpfen bei, um gemeinsam mit ihr und anderen Unterdrückten gegen die böse Königin ins Feld zu ziehen. - Diese Version des grimmschen Märchens zeichnet ein düster-bedrohliches Szenario mit mystischen Wäldern voller Gefahren, gewaltigen Schlachten und einer Königin, so böse und unbarmherzig, wie man nur sein kann.</marc:subfield>
   </marc:datafield>
   <marc:datafield ind1="3" ind2=" " tag="024">
      <marc:subfield code="a">5050582895414</marc:subfield>
   </marc:datafield>
</marc:record>
